000 00735nam a22001937a 4500
999 _c196390
_d196390
005 20230713120923.0
010 _aB-751430-439 CHEN 25.5.23
020 _a9789384625962
_c995.00
035 _aB-751430-439
037 _bOm Books International
082 _a954
245 _aHistory Encyclopedia /
260 _aNew Delhi
_bOm Books International
_c2020(repr.)
270 _a107, Ansari Road, Darya Ganj, New Delhi
_bNew Delhi
_e110002
300 _a256p.
_bcol.ill
_c29cm(Hb)
500 _aIndex Included
942 _2ddc
_cCH
_mHIS
_h954